Представление документа в формате RUSMARC

ПолеНазваниеЗначение
  Тип записи a
  Библиографический уровень m
001 Контрольный номер RU/УОНБ/EK_INO/529687459
005 Дата корректировки 20241101133321.6
010 Индекс ISBN __
a ISBN 3-15-010422-X
d Цена 300 p.
b Уточнения в пер.
100 Данные общей обработки __
a Данные общей обработки 20161013d1996 u y0gery018901 ba
101 Язык документа 0_
a Язык текста ger
102 Страна публикации __
a Страна публикации DE
105 Кодированные данные (монография) __
a Кодированные данные (монография) a z 000yb
200 Заглавие и сведения об ответственности 1_
a Заглавие Johann Wolfgang Goethe Zeichnungen
f Первые сведения об ответственности P. Maisak
210 Выходные данные 1_
a Место издания Stuttgart
c Издательство Philipp Reclam jun.
d Дата издания 1996
215 Физическое описание __
a Объем 325, [3] S.
c Иллюстрации/тип воспроизводства Ill.
d Формат 39 cm
300 Общие примечания __
a Общие примечания В суперобл.
300 Общие примечания __
a Общие примечания Кн. в коробке
320 Библиография __
a Библиография Anh.: S. 271-323
600 Персоналии _1
a Персоналии (Фамилия) Гёте, Иоганн Вольфганг
606 Тематические рубрики 0_
a Основная рубрика Немецкая живопись
z Хронологическая подрубрика 18-19 вв.
610 Ключевые слова 0_
a Ключевые слова рисунки Гёте
610 Ключевые слова 0_
a Ключевые слова живопись немецкая
686 Индексы других классификаций __
a Классификационный индекс 85.14 Нем
2 Код системы rubbk
700 Автор _1
a Фамилия Maisak
b Имя (инициалы) P.
g Полное личное имя Petra
801 Источник записи _0
a Страна RU
b Организация Ульяновская ОНБ
c Дата составления 20161013
g Правила каталогизации RCR
801 Источник записи _1
a Страна RU
b Организация Ульяновская ОНБ
c Дата составления 20161013
g Правила каталогизации RCR
901 Тип документа __
t Тип документа m
909 Создатель записи __
a Создатель записи Дырина
938 Служебная информация __
a Имя БД ino
b Имя библиотеки УОНБ
c Имя АИБС МАРК-SQL
d Номер DOC_ID в БД 19062